| 000 | 00788nam a2200229 a 4500 | ||
|---|---|---|---|
| 003 | MX-MxUPN | ||
| 005 | 20250113084346.0 | ||
| 008 | 991125q1940 mx a 000 0 spa d | ||
| 035 | _aUPN01000006550 | ||
| 040 |
_aMX-MxUPN _bspa _cMX-MxUPN |
||
| 041 | 0 | _aspa | |
| 050 | 4 |
_aM1998.18 _bS2.8 |
|
| 100 | 1 |
_aSandi Meneses, Luis, _d1905-1996 _929948 |
|
| 245 | 1 | 0 |
_aCantos para niños : _bmétodo de solfeo y canto coral : no. 1 / _cLuis Sandi. |
| 260 |
_aMéxico : _bE.D.I.A.P.S.A., _c[1940?]. |
||
| 300 |
_a96 páginas : _bmúsica |
||
| 500 | _aPartituras musicales con letra y música | ||
| 500 | _a"Primer grado del segundo ciclo de la escuela primaria"--portada | ||
| 650 | 4 |
_aCanciones escolares mexicanas _95619 |
|
| 650 | 4 |
_aCanciones infantiles mexicanas _95714 |
|
| 942 |
_2lcc _cLIBRO |
||
| 999 |
_c6550 _d6550 |
||